000
00227 a2200109 4500
020
_a
9780813615202
041
_a
spa
100
_a
Marshall, James
245
_a
Jorge y Marta de Vuelta en la Ciudad
942
_c
BK
952
_7
1
999
_c
19723
_d
19723